| 000 | 00431nam a2200169Ia 4500 | ||
|---|---|---|---|
| 008 | 100422t2008 xxu||||| |||| 00| 0 sin d | ||
| 041 | _asin | ||
| 080 |
_aX8S31 _bBUL |
||
| 100 | _aBulathsin, Ramani | ||
| 245 | _aවසත් කුමරිය 1 | ||
| 246 | _aVasath Kumariya 1 | ||
| 260 |
_bTharaka _aBalangoda _c2008 |
||
| 300 | _a176p., 21 cm | ||
| 942 | _cBK | ||
| 999 |
_c73105 _d73105 |
||
| 003 | LK-CoDNM | ||
| 040 |
_aLK-CoDNM _dLK-CoDNM _eLK-CoDNM |
||